| 000 | 00732nam a2200229 u 4500 | ||
|---|---|---|---|
| 005 | 20240702063813.0 | ||
| 008 | 150602s2014 r 000 0 eng d | ||
| 020 | _a9786078345359 | ||
| 035 | _aUPN01000204039 | ||
| 049 | _aCG | ||
| 050 | 4 |
_aML3920 _bZ6.4 |
|
| 100 | 1 |
_aZorrillo Pallavicino, Alix _934699 |
|
| 245 | 1 | 0 |
_aJuego musical y aprendizaje : _bestimula el desarrollo y la creatividad : musicoterapia preventiva / _cAlix Zorrillo Pallavicino. |
| 260 |
_aMéxico : _bNEISA : _bMagisterio, _c2014. |
||
| 300 |
_a218 p. : _bil. |
||
| 440 | 0 | _aAula alegre | |
| 650 | 2 |
_aMusicoterapia _913577 |
|
| 650 | 4 |
_aMUSICA - _xPSICOLOGIA _913786 |
|
| 650 | 4 |
_aMúsica _xEstudio y enseñanza _9174 |
|
| 905 | _aLibro | ||
| 999 |
_c176140 _d176140 |
||